000 00470nam a22001697a 4500
005 20251201160952.0
008 251201b |||||||| |||| 00| 0 eng d
020 _a978-0-314-19128-1
050 _aKZ 1242 .I58 2009
100 _aDAMROSCH LORI FISLER
245 _aINTERNATIONAL LAW CASES AND MATERIALS
250 _a5th
260 _aUNITED STATES OF AMERICA
_bWESTPUBLISHING COMPANY
_c2009
300 _aX,1549
500 _aINCLUDES AN INDEX
942 _2lcc
_cBK
999 _c216327
_d216327